| 000 | 00583nam a2200229Ia 4500 | ||
|---|---|---|---|
| 003 | OSt | ||
| 005 | 20220918202548.0 | ||
| 006 | a|||||r|||| 00| 0 | ||
| 007 | ta | ||
| 008 | 220917b |||||||| |||| 00| 0 eng d | ||
| 024 | _a102,163 | ||
| 037 | _cTextual | ||
| 040 |
_aARTS _cARTS _beng |
||
| 041 |
_2eng _aeng |
||
| 082 | _aV225:1903:M7, K3 | ||
| 100 |
_aRegani Sarojini _9104345 |
||
| 245 | 0 | _aNizam British relations 1724-1857 | |
| 260 | _c1963 | ||
| 650 | _aHISTORY | ||
| 942 |
_hV225:1903:M7, K3 _cTEXL _2CC |
||
| 999 |
_c225623 _d225623 |
||